000 00577nam a2200229Ia 4500
003 OSt
005 20221005123141.0
006 a|||||r|||| 00| 0
007 ta
008 221004b |||||||| |||| 00| 0 mal d
024 _a53015
037 _cTextual
040 _aCRL
_cCRL
_bmal
041 _2mal
_amal
082 _aJ197:4:54, 32L3.2
100 _aCeeviyar Au.
_9633223
245 0 _aKrishiyum Krishipparanum
260 _c1973
650 _aAGRICULTURE
942 _hJ197:4:54, 32L3.2
_cTEXL
_2cc
999 _c1046533
_d1046533